[Event "Rome Steinitz op 1st"]
[Site "Rome"]
[Date "2002.07.07"]
[Round "4"]
[White "Caprioli, Fabrizio"]
[Black "Carbone, Stefano"]
[Result "0-1"]
[WhiteElo "1566"]
[BlackElo "1500"]
[PlyCount "98"]
[EventDate "2002.07.05"]
[EventType "swiss"]
[EventRounds "5"]
[EventCountry "ITA"]
[SourceTitle "EXT 2007"]
[Source "ChessBase"]
[SourceDate "2006.11.23"]
[SourceVersion "1"]
[SourceVersionDate "2006.11.23"]
[SourceQuality "1"]

1. d4 Nf6 2. c4 e6 3. Nc3 Bb4 4. a3 Bxc3+ 5. bxc3 b6 6. Bg5 0-0 7. e3 d6 8. Bd3 Bb7 9. Nf3 Nbd7 10. Qc2 Qc8 11. 0-0 Re8 12. e4 e5 13. Rfe1 a5 14. Rab1 Rb8 15. Nd2 Ra8 16. a4 Ba6 17. f3 Nh5 18. Rb2 h6 19. Be3 g5 20. Reb1 Nf4 21. Bxf4 gxf4 22. Nb3 Kh8 23. c5 bxc5 24. dxc5 Bxd3 25. Qxd3 Nxc5 26. Nxc5 dxc5 27. Qd5 f6 28. Qxc5 Qd7 29. Rb7 Rac8 30. Qxa5 Rg8 31. Qd5 Qh3 32. Qd2 Qxf3 33. a5 Qxe4 34. a6 Ra8 35. a7 Rxa7 36. R7b4 Qe3+ 37. Qxe3 fxe3 38. Re1 Ra2 39. g3 e2 40. Re4 Rd8 41. R4xe2 Rxe2 42. Rxe2 Rd1+ 43. Kf2 Rc1 44. Re3 Rc2+ 45. Kf3 Rxh2 46. Ke4 Rd2 47. Rf3 Kg7 48. Ke3 Rc2 49. Ke4 Kg6 0-1